000
00314nam a22001337a 4500
008
170830b xxu||||| |||| 00| 0 eng d
020
_a
9780130853820
041
_a
eng
080
_2
2ND
_a
070
100
_a
39
101
_a
MED
245
_a
LAW AND REGULATION OF ELECTRONIC MEDIA
_c
BITTNER,J.R
942
_2
udc
_c
BK
999
_c
25519
_d
25519